| 000 | 00435nam a22001577a 4500 | ||
|---|---|---|---|
| 020 | _a9781414066212 | ||
| 082 | _a346.4203 | ||
| 100 | _aGoudkamp, James | ||
| 245 |
_aWinfield & Jolowicz Tort / _cJames Goudkamp & Donal Nolan |
||
| 250 | _a10th Edition. | ||
| 260 |
_aLondon : _bSweet & Maxwell, _c2020. |
||
| 300 |
_a804 p. ; _c23 cm. |
||
| 942 |
_2ddc _cBK |
||
| 999 |
_c587210 _d587210 |
||